| 000 | 00268nam a22001217a 4500 | ||
|---|---|---|---|
| 999 |
_c23184 _d23184 |
||
| 003 | Nust | ||
| 005 | 20170515114504.0 | ||
| 008 | 170321b xxu||||| |||| 00| 0 eng d | ||
| 020 | _a8129710005 | ||
| 040 |
_aDLC _bDLC _cRCMS |
||
| 082 | _a621.382 HAY | ||
| 100 |
_aSIMON HAYKIN, MICHEAL MOHER _9699 |
||
| 245 | _aMODERN WIRELESS COMMUNICATIONS | ||
| 260 |
_aINDIA _bPEARSON _c2005 |
||
| 300 |
_ax,570,p: _bill: _c26,cm. |
||
| 538 | _iShelf # 15, Row # 2, Communication. Shelf # 15, Row # 3, Communication. | ||
| 650 |
_aElectrical & Electronic Engineering _9700 |
||
| 856 | _3Table of Content Only | ||
| 942 |
_cBK _2ddc |
||